| 000 | 00380nam a22001697a 4500 | ||
|---|---|---|---|
| 005 | 20160625125316.0 | ||
| 008 | 160625b xxu||||| |||| 00| 0 eng d | ||
| 020 | _a81-229-0166-0 | ||
| 041 | _aeng | ||
| 082 | _b10212 | ||
| 100 |
_aSilvia, Tony _92731 |
||
| 245 | _aGlobal News | ||
| 260 |
_bsurjeet _c2004 |
||
| 300 | _a191 | ||
| 650 |
_aMass Communication _92660 |
||
| 942 | _cBK | ||
| 999 |
_c4021 _d4020 |
||